| 000 | 01126nam0a22002891 4500 | ||
|---|---|---|---|
| 001 | rc\4085909 | ||
| 005 | 20130415155823.0 | ||
| 035 | _a(NLR Aleph) 007970251 | ||
| 090 |
_a8454965 _c8454965 |
||
| 100 | _a20130415d1947 |||y0rusy50 ca | ||
| 101 | 0 | _arus | |
| 102 | _aRU | ||
| 105 | _ay z ||||| | ||
| 200 | 1 | _aО качестве суперактивирующих винтов | |
| 210 |
_aБ. м. _cБ. и. _d1947 |
||
| 215 |
_a127-128 с. _d26 |
||
| 225 | 1 | _aГидромеханика | |
| 300 | _aПеред загл. авт.: Акад. В.Л. Поздюнин | ||
| 300 | _aОтт. из.: Доклады Акад. наук СССР. Новая серия. 1947, т. 57, № 2, с. 127-128 | ||
| 300 | _aБез тит. л. Описано по 1-й с. текста, на обл. только загл. журн. и указание отт. | ||
| 320 | _aБиблиогр.: Литература: (с. 128) | ||
| 700 | 1 |
_aПоздюнин _bВ. Л. _f1883-1948 _gВалентин Львович |
|
| 801 | 0 |
_aRU _bNLR _gpsbo |
|
| 801 | 1 |
_aRU _bELAR _2rusmarc |
|
| 852 |
_aNLR _jТ90 Г-8/56 |
||
| 942 | _cBOOK | ||
| 980 | _aNB | ||